| 000 | 01059cam a2200337 i 4500 | ||
|---|---|---|---|
| 999 |
_c2034 _d2034 |
||
| 001 | 020371858 | ||
| 003 | UkOxU | ||
| 005 | 20230301152041.0 | ||
| 008 | 150713s2014 enka j 000 0 eng c | ||
| 015 |
_aGBB596891 _2bnb |
||
| 020 | _a9780007569076 (pbk.) : | ||
| 035 | _a(StEdNL)5856588 | ||
| 035 | _a(Uk)017102752 | ||
| 040 |
_aUK-WkNB _beng _erda _cUK-WkNB _dStEdNL _dUkOxU _dKH8 |
||
| 042 | _aukscp | ||
| 082 | 0 | 4 | _a793.73 PEI |
| 100 | 1 |
_aPeirce, Lincoln, _eauthor, _eartist. |
|
| 245 | 1 | 0 |
_aBig Nate. _pLaugh-o-rama / _cLincoln Peirce. |
| 246 | 3 | 0 | _aLaugh-o-rama |
| 264 | 1 |
_aLondon : _bHarperCollins Children's Books, _c2014. |
|
| 264 | 3 |
_aSt Ives : _bClays Ltd., _c2nd printing, [2015] |
|
| 300 |
_a205 pages _billustrations ; _c20 cm |
||
| 336 |
_atext _2rdacontent |
||
| 336 |
_astill image _2rdacontent |
||
| 337 |
_aunmediated _2rdamedia |
||
| 338 |
_avolume _2rdacarrier |
||
| 600 | 1 | 0 |
_aPeirce, Lincoln. _tBig Nate (Comic strip) _vMiscellanea _vJuvenile literature. |
| 650 | 0 | _aQuestions and answers. | |
| 650 | 0 | _aGames. | |
| 942 |
_2ddc _cNFIC |
||